| Поле | Инд. | ПП | Название | Значение |
|---|---|---|---|---|
| Тип записи | a | |||
| Библиографический уровень | m | |||
| 001 | Контрольный номер | RU/IS/BASE/264539914 | ||
| 005 | Дата корректировки | 20250416140640.9 | ||
| 008 | Кодируемые данные | 19970207 | ||
| 040 | 00 | e | Правила каталог. | Г.Я. 970207 |
| 084 | a | Индекс другой классификации/Индекс ББК | 28.691.89; 28.691.892 | |
| 090 | 00 | a | Полочн. индекс | 28.691.89 |
| x | Авторский знак | А 393 | ||
| 097 | 00 | a | 230 | |
| 100 | 10 | a | Автор | Акимушкин И. И. |
| q | Полное имя | Акимушкин Игорь Иванович | ||
| 245 | 00 | a | Заглавие | Мир животных. Рассказы о насекомых |
| c | Ответственность | художники А. Блох, Б. Жутовский | ||
| 260 | 00 | a | Место издания | Москва |
| b | Издательство | Молодая гвардия | ||
| c | Дата издания | 1975 | ||
| 300 | 00 | a | Объем | 240 с. |
| b | Иллюстрации/ тип воспроизводства | ил. | ||
| 336 | a | Термин вида содержания | Текст | |
| 337 | a | Термин типа средства | непосредственный | |
| 440 | 00 | a | Серия | Эврика |
| 650 | a | Основная рубрика | биология | |
| a | Основная рубрика | зоология | ||
| 653 | 00 | a | Ключевые слова | блохи |
| a | Ключевые слова | веснянки | ||
| a | Ключевые слова | вши | ||
| a | Ключевые слова | двукрылые | ||
| a | Ключевые слова | жесткокрылые | ||
| a | Ключевые слова | клопы | ||
| a | Ключевые слова | насекомые | ||
| a | Ключевые слова | низшие | ||
| a | Ключевые слова | первичнобескрылые | ||
| a | Ключевые слова | перепончатокрылые | ||
| a | Ключевые слова | поденки | ||
| a | Ключевые слова | прямокрылые | ||
| a | Ключевые слова | пухоеды | ||
| a | Ключевые слова | равнокрылые хоботные | ||
| a | Ключевые слова | ручейники | ||
| a | Ключевые слова | сетчатокрылые | ||
| a | Ключевые слова | систематика насекомых | ||
| a | Ключевые слова | стрекозы | ||
| a | Ключевые слова | тараканообразные | ||
| a | Ключевые слова | тип членистоногих | ||
| a | Ключевые слова | уховертки | ||
| a | Ключевые слова | чешуекрылые | ||
| a | Ключевые слова | энтомология | ||
| 700 | 10 | a | Автор | Блох А. |
| e | Роль лиц | художник | ||
| 700 | 10 | a | Автор | Жутовский Б. |
| e | Роль лиц | художник | ||
| 720 | a | Наименование подборки | Животные (насекомые) | |
| 901 | t | Тип документа | m | |
| 952 | a | Тип литературы для КСУ ВШ | НАУ |